[Event "Carlos Torre op 11th"]
[Site "Merida"]
[Date "1998.12.22"]
[Round "9"]
[White "Martin del Campo, Roberto"]
[Black "Juarez Flores, Carlos A"]
[Result "1-0"]
[WhiteElo "2465"]
[BlackElo "2425"]

1.e4 c5 2.Nf3 e6 3.d4 cxd4 4.Nxd4 a6 5.Bd3 Qc7 6.O-O Nf6 7.Qe2 d6 8.c4 Be7
9.b3 Nc6 10.Nxc6 Qxc6 11.Bb2 Qc5 12.Nc3 Bd7 13.a3 O-O 14.Rac1 Rac8 15.Kh1 Qh5
16.f3 Rfd8 17.b4 Be8 18.Qe3 Rc7 19.Ne2 Rdc8 20.Ng3 Qh4 21.Rfd1 Ba4 22.Re1 Nh5
23.Nxh5 Qxh5  1-0

[Event "Eastern op"]
[Site "Washington DC"]
[Date "1998.12.28"]
[Round "5"]
[White "Gelman, Geoffrey"]
[Black "Palos, Osman"]
[Result "1/2-1/2"]
[WhiteElo "2245"]
[BlackElo "2340"]

1.e4 c5 2.Nf3 e6 3.d4 cxd4 4.Nxd4 a6 5.Bd3 Nc6 6.Nxc6 dxc6 7.Nd2 Qc7 8.a4 e5
9.O-O Nf6 10.Qf3 Be7 11.Nc4 Be6 12.Be3 Bxc4 13.Bxc4 O-O 14.a5 Bb4 15.Rfd1 Kh8
16.Bg5 Ng8 17.Qg4 Bd6 18.Rd3 f6 19.Be3 f5 20.exf5 Nf6 21.Qh4 e4 22.Bb6 Qe7
23.Rh3 Bc5 24.Qg5 Rae8 25.Rd1 Bxb6 26.axb6 Qb4 27.b3 Re7 28.c3 Qc5 29.Qe3 Qxf5
30.Rf3 Qh5 31.Rd6 Qe5 32.Rfxf6 gxf6 33.Rd1 f5  1/2-1/2

[Event "Groningen op"]
[Site "Groningen"]
[Date "1998.12.30"]
[Round "10"]
[White "Jonker, Marc"]
[Black "Khurtsidze, Nino"]
[Result "1-0"]
[WhiteElo "2295"]
[BlackElo "2375"]

1.e4 c5 2.Nf3 e6 3.d4 cxd4 4.Nxd4 a6 5.Bd3 Nf6 6.O-O d6 7.c4 b6 8.Nc3 Bb7
9.Be3 Nbd7 10.h3 Be7 11.f4 Nc5 12.Qc2 Qc7 13.f5 O-O 14.Rac1 Rac8 15.b3 Rfe8
16.fxe6 fxe6 17.Qe2 Bf8 18.Bb1 Ncd7 19.Bg5 Ba8 20.Kh1 Qc5 21.Qe3 h6 22.Bh4 Qh5
23.Nf3 Be7 24.Bg3 b5 25.cxb5 axb5 26.a4 bxa4 27.Nxa4 Qb5 28.Nd4 Qb7 29.Rxc8 Rxc8
30.Nxe6 Nxe4 31.Bh2 Ng5 32.Rg1 Nf3 33.Nf4 Nxg1 34.Qe6+ Kh8 35.Ng6+ Kh7 36.Nxe7+ Kh8
37.Ng6+ Kh7 38.Ne7+ Kh8 39.Ng6+ Kh7 40.Ne5+ Kh8 41.Nf7+ Kg8 42.Nxh6+ Kh8
43.Qg8+  1-0

[Event "Danube op"]
[Site "Aschach"]
[Date "1998.12.31"]
[Round "7"]
[White "Mahdi, Khaled"]
[Black "Stanec, Nikolaus"]
[Result "0-1"]
[WhiteElo "2365"]
[BlackElo "2495"]

1.e4 c5 2.Nf3 e6 3.d4 cxd4 4.Nxd4 a6 5.Bd3 Qc7 6.O-O Nf6 7.Qe2 d6 8.c4 g6
9.Nc3 Bg7 10.Nf3 O-O 11.Bf4 Ng4 12.c5 Qxc5 13.Rac1 Nc6 14.Nb5 Qh5 15.Nxd6 Bh6
16.h3 Bxf4 17.hxg4 Qxg4 18.Nxc8 Raxc8 19.Rcd1 h5 20.g3 Nb4 21.Nh2 Qxe2 22.Bxe2 Rc2
23.Bxh5 Be5 24.Bg4 Nxa2 25.b3 Rb2 26.Rb1 Rxb1 27.Rxb1 Bd4 28.Nf3 e5 29.Kg2 Nc3
30.Re1 a5 31.Bd7 Rd8 32.Bg4 b5  0-1

[Event "UKR-chT"]
[Site "Alushta"]
[Date "1998.??.??"]
[Round "?"]
[White "Aslanian, Ludmila K"]
[Black "Savchenko, Stanislav"]
[Result "1/2-1/2"]
[WhiteElo "2145"]
[BlackElo "2595"]

1.e4 c5 2.Nf3 e6 3.d4 cxd4 4.Nxd4 a6 5.Bd3 Nf6 6.O-O d6 7.c4 g6 8.Nc3 Bg7
9.Be3 O-O 10.f3 Nbd7 11.Rc1 Ne5 12.Be2 Qc7 13.b3 Ne8 14.Qd2 f5 15.exf5 gxf5
16.Kh1 Qf7 17.Na4 f4 18.Bf2 Kh8 19.Nb6 Rb8 20.Rfe1 Ng6 21.Nxc8 Rxc8 22.Bd3 Ne5
23.Be4 Rd8 24.Rcd1 Rd7 25.Ne2 Qf6 26.Bd4 Qh4 27.Ng1 Rdf7 28.Qb4 Qe7 29.Nh3 Rg8
30.c5 d5 31.Bxe5 Bxe5 32.Bxh7 Rxg2 33.Kxg2 Rg7+ 34.Kh1 Qh4 35.Qd2 Qxh3 36.Qf2 Bc3
37.Bd3 Bxe1 38.Rxe1 Nf6 39.Bf1 Qf5 40.Qe2 Re7 41.b4 e5 42.a4 e4 43.Qb2 Rg7
44.Bg2 Qg5 45.b5 a5 46.c6 b6 47.Rc1 Qh4 48.Qd2 e3 49.Qc2 Rc7 50.Qf5 d4 51.Qe5  1/2-1/2

[Event "UKR-chT"]
[Site "Alushta"]
[Date "1998.??.??"]
[Round "?"]
[White "Fedorchuk, Sergey A"]
[Black "Cherevatenko, Roman"]
[Result "0-1"]
[WhiteElo "2345"]
[BlackElo "2385"]

1.e4 c5 2.Nf3 e6 3.d4 cxd4 4.Nxd4 a6 5.Bd3 Qc7 6.O-O Nf6 7.Nd2 Nc6 8.Nxc6 bxc6
9.f4 d5 10.c4 Be7 11.b3 Qb6+ 12.Kh1 Qd4 13.Qc2 Qxa1 14.Bb2 Qxa2 15.cxd5 O-O
16.Ra1 Qxa1+ 17.Bxa1 cxd5 18.e5 Nd7 19.Bxh7+ Kh8 20.Qd3 g6 21.Bxg6 fxg6 22.Qh3+ Kg7
23.Qxe6 Bd8 24.Qxd5 Ra7 25.Qd6 Rc7 26.Nc4 Re8 27.e6+ Kh7 28.g4 Nc5 29.f5 gxf5
30.Qg3 Rxe6 31.Be5 Bb7+ 32.Kg1 Ne4 33.Qf4 Rf7 34.gxf5 Rh6 35.Kf1 Rh4 36.Qe3 Rxf5+
37.Ke1 Bg5 38.Qa7 Rf7 39.Qb8 Nf6 40.Nd6 Re7 41.Nxb7 Re4+  0-1

[Event "UKR-chT"]
[Site "Alushta"]
[Date "1998.??.??"]
[Round "?"]
[White "Kirnos, Evgeni"]
[Black "Cherevatenko, Roman"]
[Result "1/2-1/2"]
[WhiteElo "2310"]
[BlackElo "2385"]

1.e4 c5 2.Nf3 e6 3.d4 cxd4 4.Nxd4 a6 5.Bd3 Nc6 6.Nxc6 dxc6 7.O-O e5 8.Be3 Nf6
9.f3 Be6 10.a4 Bd6 11.Nd2 Qe7 12.Qe2 Bc5 13.Bc4 Bxc4 14.Nxc4 O-O 15.Qf2 Bxe3
16.Nxe3 Qc5  1/2-1/2

[Event "Bayern-ch Bank Hofmann 2nd"]
[Site "Bad Wiesse"]
[Date "1998.??.??"]
[Round "4"]
[White "Cladouras, Panagiotis"]
[Black "Jaenig, Reinhard"]
[Result "1-0"]
[WhiteElo "2360"]
[BlackElo "2215"]

1.e4 c5 2.Nf3 e6 3.d4 cxd4 4.Nxd4 a6 5.Bd3 Nf6 6.c4 Qc7 7.Qe2 d6 8.O-O Be7
9.b3 O-O 10.Bb2 Nbd7 11.Nd2 b6 12.Rac1 Bb7 13.f4 Rac8 14.Rf3 Rfe8 15.Rg3 Qb8
16.Rf1 Bf8 17.Bb1 Nc5 18.e5 Nfd7 19.Bxh7+ Kxh7 20.Qh5+ Kg8 21.Rh3 f5 22.N4f3 Be7
23.exd6 Bf6 24.Ng5  1-0

[Event "Bayern-ch Bank Hofmann 2nd"]
[Site "Bad Wiesse"]
[Date "1998.??.??"]
[Round "9"]
[White "Klundt, Klaus"]
[Black "Kekelidze, Mikheil"]
[Result "1/2-1/2"]
[WhiteElo "2355"]
[BlackElo "2455"]

1.e4 c5 2.Nf3 e6 3.d4 cxd4 4.Nxd4 a6 5.Bd3 Nc6 6.Nxc6 dxc6 7.Nd2 e5 8.O-O Ne7
9.Nc4 Ng6 10.Qh5 Bc5 11.Nxe5 Qa5 12.Bd2 Bxf2+ 13.Rxf2 Qxe5  1/2-1/2

[Event "Stadtcasino op 3rd"]
[Site "Baden"]
[Date "1998.??.??"]
[Round "5"]
[White "Roelli, Raphael"]
[Black "Ilijin, Neboisa"]
[Result "0-1"]
[WhiteElo "2075"]
[BlackElo "2270"]

1.e4 c5 2.Nf3 e6 3.d4 cxd4 4.Nxd4 a6 5.Bd3 Nf6 6.O-O Qc7 7.Qe2 d6 8.Be3 Nbd7
9.f4 Be7 10.Nd2 Nc5 11.h3 b6 12.e5 Nd5 13.exd6 Bxd6 14.Nf5 Nxe3 15.Qxe3 Bf8
16.a3 Bb7 17.b4 Qc6 18.Rf2 Nxd3 19.cxd3 Rd8 20.Ne4 Qd5 21.g4 Qxd3 22.Nfd6+ Qxd6
23.Rd2 Qc6 24.f5 Be7 25.fxe6 O-O  0-1

[Event "Bagneux"]
[Site "Bagneux"]
[Date "1998.??.??"]
[Round "3"]
[White "Gollain, Marc"]
[Black "Fiol, Fabrice"]
[Result "1/2-1/2"]
[WhiteElo "2245"]
[BlackElo "2260"]

1.e4 c5 2.Nf3 e6 3.d4 cxd4 4.Nxd4 a6 5.Bd3 Qc7 6.O-O Nf6 7.Qe2 d6 8.c4 g6
9.Nc3 Bg7 10.Be3 O-O 11.Rac1 Nbd7 12.Rfd1 b6 13.f3 Bb7 14.Qf2 Rac8 15.Bf1 Qb8
16.Nc2 Ba8 17.Qd2 Ne8 18.Bg5 f6 19.Bh4 Ne5 20.b3 Rd8 21.Bf2 Nc7 22.Nb4 f5
23.Bh4 Rd7 24.Nd3 Bc6 25.Nxe5 Bxe5 26.exf5 gxf5 27.f4 Bf6 28.Bxf6 Rxf6 29.g3 Bf3
30.Be2 Ba8 31.Bf1 Bf3 32.Re1 b5 33.Qf2 Bh5 34.cxb5 axb5 35.Qd4 Rg6 36.a4 bxa4
37.bxa4 Qf8 38.Bg2 Qg7 39.Qxg7+ Rgxg7 40.Bc6 Rd8 41.Nb5 Nxb5 42.Bxb5 Re7  1/2-1/2

[Event "Landesliga Sued9798"]
[Site "Bayern"]
[Date "1998.??.??"]
[Round "?"]
[White "Daurer, Walter"]
[Black "Galow, Wolfgang"]
[Result "0-1"]
[WhiteElo "2070"]
[BlackElo "1960"]

1.e4 c5 2.Nf3 e6 3.d4 cxd4 4.Nxd4 a6 5.Bd3 Bc5 6.Nb3 Ba7 7.O-O Nc6 8.Nc3 b5
9.a4 b4 10.Ne2 Nge7 11.Ng3 Ne5 12.Qe2 Nxd3 13.cxd3 d5 14.Nh5 O-O 15.Qg4 Ng6
16.e5 f5 17.exf6 e5 18.Qxb4 Rb8 19.Qc3 Bg4 20.Ng3 Qxf6 21.Nc5 Rfc8 22.b4 a5
23.Qd2 axb4 24.d4 exd4 25.Nd3 b3 26.Qa5 Bb6 27.Qxd5+ Be6 28.Qh5 Rc3 29.Bg5 Qf8
30.Rfd1 Bc4 31.Ne1 b2 32.Rab1 d3 33.Nf3 Rc2 34.Ne4 Ba2 35.Bd2 Bxb1 36.Neg5 Qd6
37.Qxh7+ Kf8 38.Ne4 Rxd2 39.Rxd2 Qc6 40.Rd1 Qxe4 41.Rxb1 Ba5 42.Qh5 d2  0-1

[Event "Landesliga Sued9798"]
[Site "Bayern"]
[Date "1998.??.??"]
[Round "?"]
[White "Straub, Juergen"]
[Black "Wehr, Stephan"]
[Result "1-0"]
[WhiteElo "2180"]
[BlackElo "2180"]

1.e4 c5 2.Nf3 e6 3.d4 cxd4 4.Nxd4 a6 5.Bd3 Nc6 6.Nxc6 bxc6 7.O-O d5 8.Qe2 Nf6
9.Nd2 Be7 10.b3 O-O 11.Bb2 a5 12.f4 Qb6+ 13.Kh1 Ba6 14.c4 a4 15.Rf3 a3 16.Bc3 g6
17.exd5 cxd5 18.Qe5 Qb8 19.Qd4 Qa7 20.c5 Bxd3 21.Rxd3 Rfc8 22.b4 Kf8 23.Rb1 Ke8
24.Rb3 Ng4 25.Qg1 Rcb8 26.h3 Nf6 27.Qe3 Qd7 28.Nf3 Ne4 29.Ne5 Qb5 30.Be1 f6
31.Nf3 Qc4 32.Rxa3 Rxa3 33.Rxa3 Rxb4 34.Bxb4 Qxb4 35.Ra8+ Kf7 36.Kh2 Nxc5
37.Nd4 Qb7 38.Ra5 Ne4 39.Nb3 Qb4 40.Ra7 Nd6 41.Nc5 Ne4 42.Nxe4 dxe4 43.Rc7 Qd6
44.Rc4 f5 45.g3 e5 46.fxe5 Qxe5 47.Qb3 Kf6 48.Qc3 Qxc3 49.Rxc3 g5 50.Kg2 f4
51.a4 Ke5 52.a5 f3+ 53.Kf1 Bb4 54.Rc8 e3 55.Re8+ Kd4 56.a6 Bc5 57.Rc8 Bb6
58.Rc6 Ba7 59.Rc7 Bb8 60.Rd7+ Kc3 61.a7 e2+ 62.Kf2  1-0

[Event "Regionalliga SW9899"]
[Site "Bayern"]
[Date "1998.??.??"]
[Round "?"]
[White "Schweier, Lorenz"]
[Black "Danschczyk, Christian"]
[Result "0-1"]
[WhiteElo "1985"]
[BlackElo "2250"]

1.e4 c5 2.Nf3 e6 3.d4 cxd4 4.Nxd4 a6 5.Bd3 b5 6.O-O Bb7 7.a4 b4 8.a5 Qc7
9.Nd2 Bc5 10.N4b3 Ba7 11.Qg4 Kf8 12.Nc4 Nf6 13.Qh4 d6 14.Be3 Bxe3 15.fxe3 Nc6
16.e5 dxe5 17.Nc5 Bc8 18.Nb6 Ra7 19.Bc4 Nxa5 20.Nxc8 Qxc5 21.Bxe6 Rc7 22.Rxf6 gxf6
23.Qxf6 Rg8 24.Rd1 Nb7 25.Bb3 Qc6 26.Qxc6 Rxc6 27.Na7 Rd6 28.Rf1 Nd8 29.Nc8 Rc6  0-1

[Event "Berliner Sommer 16th"]
[Site "Berlin"]
[Date "1998.??.??"]
[Round "4"]
[White "Narciso Dublan, Marc"]
[Black "Sowray, Peter J"]
[Result "1-0"]
[WhiteElo "2460"]
[BlackElo "2320"]

1.e4 c5 2.Nf3 e6 3.d4 cxd4 4.Nxd4 a6 5.Bd3 Nf6 6.O-O Qc7 7.Qe2 d6 8.c4 g6
9.Nc3 Bg7 10.Nf3 O-O 11.h3 Nc6 12.Bf4 Nd7 13.Rac1 Nce5 14.Rfd1 b6 15.b3 Bb7
16.Bb1 Rac8 17.Be3 Nb8 18.Nd4 Nbd7 19.f4 Nc6 20.Nxc6 Bxc6 21.Nb5 axb5 22.cxb5 Qb7
23.bxc6 Rxc6 24.Rxc6 Qxc6 25.Qd3 Nc5 26.Qxd6 Qb5 27.e5 Rc8 28.Rc1 Bf8 29.Qd1 Qb4
30.Rc4 Qb5 31.Qf1 Rd8 32.Rd4 Qe8 33.Rxd8 Qxd8 34.Kh2 Qc7 35.Qc4 Qb7 36.Qb5 Nd7
37.b4 Qc7 38.a3 Qc3 39.Qd3 Qe1 40.Bd2 Qd1 41.Bc2  1-0

[Event "Berliner Sommer 16th"]
[Site "Berlin"]
[Date "1998.??.??"]
[Round "7"]
[White "Sulipa, Aleksandar"]
[Black "Brustkern, Juergen"]
[Result "1-0"]
[WhiteElo "2415"]
[BlackElo "2255"]

1.e4 c5 2.Nf3 e6 3.d4 cxd4 4.Nxd4 a6 5.Bd3 Qb6 6.c3 Qc7 7.O-O Nf6 8.Qe2 d6
9.f4 Nbd7 10.Nd2 g6 11.f5 e5 12.Ne6 fxe6 13.fxe6 Nc5 14.Rxf6 Be7 15.Rf2 Nxd3
16.Qxd3 Bxe6 17.c4 Qc5 18.b3 Bh4 19.g3 Bg5 20.Nf1 Rf8 21.Be3 Bxe3 22.Nxe3 Rxf2
23.Kxf2 b5 24.Rd1 bxc4 25.bxc4 Ke7 26.Rb1 Ra7 27.Kf3 Rc7 28.Qd2 Kf7 29.Rb3 Ke7
30.Rb8 Kf7 31.Rd8 Ke7 32.Rh8 Kf6 33.Rd8 Ke7 34.Rh8 Kf6 35.Kg2 Kg7 36.Rd8 Qc6
37.Nd5 Rf7 38.Qb4 Rb7 39.Qxd6 Rb2+ 40.Kf3 Qxd6 41.Rxd6 Bxd5 42.exd5 Rxa2
43.c5 Rxh2 44.c6 Rc2 45.Ke4  1-0

[Event "Berliner Sommer 16th"]
[Site "Berlin"]
[Date "1998.??.??"]
[Round "8"]
[White "Hunt, Harriet"]
[Black "Chuchelov, Vladimir"]
[Result "1/2-1/2"]
[WhiteElo "2400"]
[BlackElo "2540"]

1.e4 c5 2.Nf3 e6 3.d4 cxd4 4.Nxd4 a6 5.Bd3 Nf6 6.O-O Qc7 7.Qe2 d6 8.c4 g6
9.Nc3 Bg7 10.Be3 O-O 11.Rac1 Nbd7 12.f4 Re8 13.Kh1 b6 14.b4 Bb7 15.Nb3 Rac8
16.Rfd1 Qb8 17.c5 dxc5 18.e5 Nd5 19.Nxd5 exd5 20.bxc5 f6 21.Bxa6 fxe5 22.Bxb7 Qxb7
23.Qb5 Qc6 24.Qxc6 Rxc6 25.cxb6 Rxc1 26.Rxc1 d4 27.Bg1 Nxb6 28.fxe5 Bxe5
29.Nxd4 Ra8 30.Nf3 Bb2 31.Rc2 Na4 32.g3 Bf6 33.Bd4 Bxd4 34.Nxd4 Nb6 35.Rb2 Nc4
36.Rc2 Ne3 37.Re2  1/2-1/2

[Event "Besancon"]
[Site "Besancon"]
[Date "1998.??.??"]
[Round "4"]
[White "Sermier, Guillaume"]
[Black "Guyot, Philippe"]
[Result "1/2-1/2"]
[WhiteElo "2330"]
[BlackElo "2290"]

1.e4 c5 2.Nf3 e6 3.d4 cxd4 4.Nxd4 a6 5.Bd3 Nf6 6.O-O d6 7.c4 g6 8.Nc3 Bg7
9.Bg5 O-O 10.Qd2 Nbd7 11.Rfd1 Qc7 12.Rac1 b6 13.Bf1 Bb7 14.f3 Rfc8 15.b4 Bf8
16.a3 Qb8 17.Be3 Be7 18.Nb3 Bc6 19.Nd4 Bb7 20.Nb3 Bc6 21.Nd4  1/2-1/2

[Event "Biel op"]
[Site "Biel"]
[Date "1998.??.??"]
[Round "4"]
[White "Haist, Wolfgang"]
[Black "Prasad, Devaki V"]
[Result "0-1"]
[WhiteElo "2245"]
[BlackElo "2400"]

1.e4 c5 2.Nf3 e6 3.d4 cxd4 4.Nxd4 a6 5.Bd3 Qb6 6.Nb3 Qc7 7.f4 d6 8.O-O Nf6
9.Qe2 Nbd7 10.Nc3 b6 11.g4 h6 12.g5 hxg5 13.fxg5 Nh5 14.Be3 g6 15.Rf2 Bg7
16.Raf1 Ne5 17.Bd4 b5 18.Nd1 Rh7 19.Ne3 Bb7 20.c4 bxc4 21.Nxc4 Nxc4 22.Bxc4 Bxd4
23.Nxd4 Qc5 24.Qd3 Qxg5+ 25.Rg2 Qe5 26.Rgf2 Bxe4 27.Qe3 Bb7 28.Qxe5 dxe5
29.Nf3 Nf4 30.Rc2 Rh5 31.b4 Kf8 32.h4 e4 33.Ng5 Rxh4 34.Bxe6 e3 35.Rh2 Ne2+  0-1

[Event "Biel op"]
[Site "Biel"]
[Date "1998.??.??"]
[Round "7"]
[White "Haist, Wolfgang"]
[Black "Niklasch, Oliver"]
[Result "0-1"]
[WhiteElo "2245"]
[BlackElo "2345"]

1.e4 c5 2.Nf3 e6 3.d4 cxd4 4.Nxd4 a6 5.Bd3 Nc6 6.Nb3 Nf6 7.f4 d6 8.Qe2 Qc7
9.Nc3 Be7 10.Be3 b5 11.O-O O-O 12.Rae1 Bb7 13.Kh1 Nb4 14.Bd4 e5 15.Be3 Rfe8
16.Rf3 d5 17.Bd2 Bd6 18.f5 Nxa2 19.Na5 Nxc3 20.Bxc3 dxe4 21.Nxb7 exf3 22.Qxf3 Bf8
23.Na5 b4  0-1

[Event "Biel op"]
[Site "Biel"]
[Date "1998.??.??"]
[Round "9"]
[White "Braeuner, Uwe"]
[Black "Wege, Jochen"]
[Result "1-0"]
[WhiteElo "2230"]
[BlackElo "2180"]

1.e4 c5 2.Nf3 e6 3.d4 cxd4 4.Nxd4 a6 5.Bd3 Nf6 6.O-O Qc7 7.c4 Be7 8.Qe2 d6
9.Nc3 O-O 10.f4 d5 11.e5 dxc4 12.Bxc4 Ng4 13.Kh1 Nh6 14.Be3 Nc6 15.Nxc6 Qxc6
16.Bd3 Rd8 17.Be4 Qe8 18.Bb6 Rd7 19.Rf3 Bd8 20.Bg1 Rb8 21.Rh3 b5 22.Bc6 Bb7
23.Bxd7 Qxd7 24.Ne4 Be7 25.Rd1 Qc6 26.Nd6 Bxd6 27.Rxd6 Qe8 28.Qh5 Rc8 29.Qh4 Kf8
30.Rhd3 Be4 31.Rd8 Nf5 32.Rxe8+ Kxe8 33.Qh3 Rc2 34.Rg3 h6 35.Qg4 Rxb2 36.a3 h5
37.Qg5 h4 38.Rf3 Rb1 39.h3 Rb2 40.Rf2 Rb3 41.Kh2 Rg3 42.Qh5 Ne3 43.Qe2 Bd3
44.Qxd3 Ng4+ 45.hxg4 Rxd3 46.Rf3 Rd5 47.g5 f6 48.gxf6 gxf6 49.Re3 Kf7 50.Bf2 Rd4
51.Rf3 Re4 52.Bxh4 fxe5 53.fxe5+ Kg6 54.Bf6 a5 55.Kh3 b4 56.g4 a4 57.axb4 Rxb4
58.Kh4 Rb3 59.Rf4 a3 60.Ra4 Re3 61.Ra7 Kh6 62.Bg5+ Kg6 63.Bxe3  1-0

[Event "Biel op"]
[Site "Biel"]
[Date "1998.??.??"]
[Round "10"]
[White "Braeuner, Uwe"]
[Black "Ilijin, Neboisa"]
[Result "1/2-1/2"]
[WhiteElo "2230"]
[BlackElo "2290"]

1.e4 c5 2.Nf3 e6 3.d4 cxd4 4.Nxd4 a6 5.Bd3 Nf6 6.O-O Qc7 7.Qe2 d6 8.c4 Be7
9.Nc3 Nbd7 10.f4 O-O 11.Be3 b6 12.Rae1 Bb7 13.Nb3 Rfe8 14.Bc1 e5 15.f5 h6
16.Be3 Rac8 17.Nd5 Nxd5 18.cxd5 Qd8 19.Rc1 Bg5 20.Qd2 Bxe3+ 21.Qxe3 Qg5 22.Qxg5 hxg5
23.h3 Kf8 24.Kf2 Ke7 25.a3 Rh8 26.Rxc8 Rxc8 27.Rc1 Nc5 28.Nxc5 dxc5 29.a4 Kd6
30.b3 Rh8 31.Rh1 Rh6 32.Ke3 Bc8 33.Be2  1/2-1/2

[Event "Bischwiller"]
[Site "Bischwiller"]
[Date "1998.??.??"]
[Round "7"]
[White "Schulz, Vladimir"]
[Black "Ivanov, Mikhail M"]
[Result "0-1"]
[WhiteElo "2215"]
[BlackElo "2440"]

1.e4 c5 2.Nf3 e6 3.d4 cxd4 4.Nxd4 a6 5.Bd3 Qb6 6.Nb3 Qc7 7.c4 Nf6 8.O-O Nc6
9.f4 d6 10.Be3 b6 11.Nc3 Be7 12.Rc1 Qb8 13.Nd4 Bd7 14.Be2 O-O 15.Bf3 Rc8
16.b3 b5 17.cxb5 Nxd4 18.Qxd4 e5 19.Qd2 axb5 20.Nd5 Nxd5 21.Rxc8+ Bxc8 22.exd5 exf4
23.Bd4 Bg5 24.h4 Bh6 25.Re1 Bd7 26.Qb4 Qf8 27.a3 Re8 28.Rxe8 Qxe8 29.Qxd6 Qe1+
30.Kh2 Qxh4+ 31.Kg1 Qe1+ 32.Kh2 Qe8 33.Be5 Bg5 34.Bxf4 Be7 35.Qa6 Bc5 36.Qa5 g5
37.Qc3 Be7 38.Be5 Bxa3 39.Bg7 g4 40.Bh6 Bd6+  0-1

[Event "Bled op-B"]
[Site "Bled"]
[Date "1998.??.??"]
[Round "1"]
[White "Armanda, Ivica"]
[Black "Krasevec, Viktor"]
[Result "1-0"]
[WhiteElo "2270"]
[BlackElo "2035"]

1.e4 c5 2.Nf3 e6 3.d4 cxd4 4.Nxd4 a6 5.Bd3 Qc7 6.O-O Nc6 7.Nxc6 dxc6 8.f4 Bc5+
9.Kh1 h5 10.e5 Ne7 11.Nd2 Nf5 12.Nc4 b5 13.Bxf5 exf5 14.Nd6+ Ke7 15.Qe1 Be6
16.Be3 Bxe3 17.Qxe3 Kf8 18.a4 Qd7 19.Rfd1 Rd8 20.axb5 cxb5 21.Rxa6 Kg8 22.Rd3 Qc7
23.Nxb5 Rxd3 24.Qxd3 Qb7 25.Rd6 Rh6 26.Qe2 h4 27.h3 Rg6 28.c4 Bxc4 29.Rd8+ Kh7
30.Qh5+ Rh6 31.Nd6 Qb4 32.Qxf5+ Rg6 33.Qh5+ Rh6 34.Qd1 Bb3 35.Qd3+ Rg6 36.Ne4 Qe1+
37.Kh2  1-0

[Event "Bled op"]
[Site "Bled"]
[Date "1998.??.??"]
[Round "3"]
[White "Rezonja, Stefan"]
[Black "Ilijin, Neboisa"]
[Result "0-1"]
[WhiteElo "2195"]
[BlackElo "2270"]

1.e4 c5 2.Nf3 e6 3.d4 cxd4 4.Nxd4 a6 5.Bd3 Nf6 6.O-O Qc7 7.c4 Nc6 8.Nxc6 dxc6
9.Be3 e5 10.h3 Be6 11.Nc3 Nd7 12.Rc1 Bc5 13.Re1 Rd8 14.Qf3 O-O 15.a3 Bxe3
16.Qxe3 a5 17.b4 axb4 18.axb4 Nf6 19.Na4 Rd4 20.Rc3 Rfd8 21.Nc5 Bc8 22.Bc2 b6
23.Nb3 Qe7 24.Qf3 R4d7 25.c5 bxc5 26.Rxc5 Ba6 27.Qc3 Bd3 28.Rxe5 Qf8 29.Nc5 Bxc2
30.Qxc2 Rd2 31.Qc3 Rd1 32.Rxd1 Rxd1+ 33.Kh2 Qd6 34.f4 h6 35.Na6 Nh5 36.Qe3 Rd3
37.Qf2  0-1

[Event "Bodensee Cup 4th"]
[Site "Bodensee"]
[Date "1998.??.??"]
[Round "1"]
[White "Bohnenblust, Simon"]
[Black "Zwanzger, Johannes"]
[Result "0-1"]
[WhiteElo "2075"]
[BlackElo "2130"]

1.e4 c5 2.Nf3 e6 3.d4 cxd4 4.Nxd4 a6 5.Bd3 Bc5 6.Nb3 Ba7 7.Nc3 Nc6 8.Qe2 d6
9.Be3 Bxe3 10.Qxe3 Nf6 11.O-O-O O-O 12.f4 Qc7 13.Rhg1 b5 14.g4 Nd7 15.Qh3 Rd8
16.e5 Nf8 17.exd6 Rxd6 18.Ne4 Rd8 19.f5 Nb4 20.Kb1 Nxd3 21.cxd3 Qe5 22.f6 gxf6
23.Rdf1 Bb7 24.Nxf6+ Kh8 25.g5 Rac8 26.d4 Qe2 27.Nc5 Rxd4 28.Qh6 Rd2  0-1

[Event "Bodensee Cup 4th"]
[Site "Bodensee"]
[Date "1998.??.??"]
[Round "1"]
[White "Schmaltz, Roland"]
[Black "Zeller, Frank"]
[Result "0-1"]
[WhiteElo "2465"]
[BlackElo "2420"]

1.e4 c5 2.Nf3 e6 3.d4 cxd4 4.Nxd4 a6 5.Bd3 Nf6 6.O-O Qc7 7.f4 Bc5 8.c3 d6
9.Kh1 Nc6 10.Nb3 Ba7 11.c4 h5 12.Nc3 Ng4 13.Qe2 Qe7 14.g3 g5 15.e5 dxe5 16.fxg5 Bd7
17.Ne4 Nd4 18.Nxd4 Bxd4 19.h3 Bc6 20.Kg2 f5 21.gxf6 Nxf6 22.h4 Nxe4 23.Bxe4 Bxe4+
24.Qxe4 Qh7 25.Qxh7 Rxh7 26.Bg5 Rc8 27.Rf6 Rxc4 28.Rd1 Rc2+ 29.Kh3 Kd7 30.Rf8 Rxb2
31.Rc1 Kd6 32.Rd8+ Rd7 33.Rh8 Rxa2 34.Rxh5 b5 35.Rh8 b4 36.Rb8 a5 37.h5 Ra3
38.h6 e4 39.Bf4+ e5 40.Bg5 e3 41.Bf6 Rh7 42.Bg7 e2 43.Re1 Bf2 44.Bxe5+ Kxe5
45.Rxe2+ Be3  0-1

[Event "Bodensee Cup 4th"]
[Site "Bodensee"]
[Date "1998.??.??"]
[Round "2"]
[White "Vatter, Hans Joachim"]
[Black "Prusikin, Mikhajlo"]
[Result "1-0"]
[WhiteElo "2320"]
[BlackElo "2420"]

1.e4 c5 2.Nf3 e6 3.d4 cxd4 4.Nxd4 a6 5.Bd3 Nf6 6.O-O Qc7 7.c4 Bc5 8.Nb3 Be7
9.Nc3 d6 10.Be3 b6 11.Rc1 Nbd7 12.f4 Bb7 13.Qe2 Rc8 14.h3 O-O 15.g4 g6 16.Nd2 Rfe8
17.Qf2 Bf8 18.b3 Ba8 19.g5 Nh5 20.Be2 Ng7 21.h4 d5 22.cxd5 Ba3 23.dxe6 Rxe6
24.Bxa6 Bxc1 25.Rxc1 Bb7 26.Bc4 Ree8 27.a4 Qd6 28.Rd1 Qb4 29.Nb5 Rxc4 30.Nxc4 Qxb3
31.Rxd7 Bc6 32.Rd4 Ne6 33.Ne5 Nxd4 34.Nxd4 Qb1+ 35.Kh2 Bxe4 36.Ng4 Kf8 37.Nf6 Qh1+
38.Kg3 Bg2 39.Qd2 Qh3+ 40.Kf2 Bf1 41.Nxe8  1-0

[Event "Bratto op"]
[Site "Bratto"]
[Date "1998.??.??"]
[Round "?"]
[White "Mauro, Alan"]
[Black "Efimov, Igor"]
[Result "0-1"]
[WhiteElo "2260"]
[BlackElo "2525"]

1.e4 c5 2.Nf3 e6 3.d4 cxd4 4.Nxd4 a6 5.Bd3 g6 6.O-O Bg7 7.c3 Ne7 8.f4 Nbc6
9.f5 Nxd4 10.f6 Bxf6 11.Rxf6 Ndc6 12.Kh1 Nf5 13.Bg5 Nfe7 14.Rf1 h6 15.Bf6 Rh7
16.Nd2 d6 17.a4 Qc7 18.Qe2 Ng8 19.Bh4 Ne5 20.Nc4 Bd7 21.a5 g5 22.Bg3 h5 23.Nb6 Rd8
24.Nxd7 Rxd7 25.Bc2 Rd8 26.Qe3 Rg7 27.Ba4+ Kf8 28.Bb3 Rg6 29.Bxe5 dxe5 30.Qh3 Nf6
31.Qe3 Kg7 32.Rf3 g4 33.Rf2 g3 34.Rf3 Ng4 35.Qc1 Nf2+ 36.Kg1 Qc5 37.Qe3 gxh2+
38.Kxf2 Rd2+ 39.Ke1 Qxe3+ 40.Rxe3 h1=Q+ 41.Kxd2 Qxa1  0-1

[Event "NLD-chT sf"]
[Site "Breda"]
[Date "1998.??.??"]
[Round "?"]
[White "Solleveld, Maarten"]
[Black "Nijboer, Friso"]
[Result "1-0"]
[WhiteElo "2225"]
[BlackElo "2580"]

1.e4 c5 2.Nf3 e6 3.d4 cxd4 4.Nxd4 a6 5.Bd3 g6 6.O-O Bg7 7.Nb3 Nc6 8.c4 Nge7
9.Nc3 O-O 10.Be2 f5 11.exf5 Nxf5 12.Ne4 Qc7 13.Rb1 b6 14.Bd2 Bb7 15.Bc3 Ne5
16.Nbd2 d5 17.cxd5 exd5 18.Ng5 Qe7 19.Ndf3 d4 20.Bd2 Bd5 21.Nxe5 Bxe5 22.Bf3 Qd6
23.Bb4 Bxf3 24.Bxd6 Bxd1 25.Bxe5 Bc2 26.Rbc1 Rac8 27.Ne6 d3 28.Nxf8 Kxf8
29.Bf4 Nd4 30.Bh6+ Kf7 31.Ra1 Re8 32.Be3 Ne2+ 33.Kh1 b5 34.h3 Ke6 35.Bd2 Kd5
36.g3 h5 37.Kg2 Nd4 38.Rfe1 Ne2 39.Be3 Re6 40.Bd2 Re4 41.f3 Re8 42.Kf2 Re6
43.g4 Kd6 44.Be3 b4 45.Rad1 Ke7 46.Rd2 Rc6 47.b3 Kf7 48.Rdxe2 dxe2 49.Kxe2 Rd6
50.Bc5 Re6+ 51.Kd2 Rxe1 52.Kxe1 Bb1 53.Kd2 a5 54.Kc1 Bd3 55.Bb6 h4 56.Bxa5 g5
57.Bxb4 Bf1 58.Kd2 Bxh3 59.Ke2 Bg2 60.Kf2 h3 61.Bd6 Ke6 62.Bb8 Kd5 63.Ba7 Bh1
64.Kg3 h2 65.Kxh2 Bxf3 66.Kg3 Ke4 67.Bc5 Bd1 68.Be7 Bc2 69.Bxg5 Bb1 70.a3 Bc2
71.b4 Ba4 72.Be7 Bd7 73.Bc5 Ke5 74.Kf3 Bc6+ 75.Ke3  1-0

[Event "Wch-09 blind "]
[Site "Brno"]
[Date "1998.??.??"]
[Round "9"]
[White "Jounousov, Mouret"]
[Black "Draganov, Ruslan"]
[Result "1-0"]
[WhiteElo "2425"]
[BlackElo "2225"]

1.e4 c5 2.Nf3 e6 3.d4 cxd4 4.Nxd4 a6 5.Bd3 d5 6.exd5 Qxd5 7.O-O Bd7 8.Be3 Nf6
9.Nc3 Qa5 10.Re1 Be7 11.Ne4 O-O 12.Bg5 Qd8 13.Qe2 Nc6 14.Nf3 Ne8 15.Rad1 h6
16.Bf4 Qa5 17.Bc4 Rd8 18.c3 e5 19.Rd5 b5 20.Nxe5 Nxe5 21.Rxe5 Bf6 22.Nxf6+ Nxf6
23.Bb3 Qb6 24.Be3 Qc7 25.Bc5 Ng4 26.Bxf8 Nxe5 27.Qxe5 Qxe5 28.Rxe5 Be6 29.Be7 Rd2
30.h3 Bxb3 31.axb3 Rxb2 32.b4  1-0

[Event "Bucharest Fest GM"]
[Site "Bucharest"]
[Date "1998.??.??"]
[Round "?"]
[White "Vokarev, Sergey"]
[Black "Ionescu, Constantin"]
[Result "1/2-1/2"]
[WhiteElo "2480"]
[BlackElo "2515"]

1.e4 c5 2.Nf3 e6 3.d4 cxd4 4.Nxd4 a6 5.Bd3 Nf6 6.O-O d6 7.c4 Bd7 8.Nc3 Nc6
9.Nxc6 Bxc6 10.Qe2 Be7 11.Rd1 Qb8 12.Bf4 b6 13.Nd5 exd5 14.cxd5 Bb7 15.e5 O-O
16.exf6 Bxf6 17.Qe4 g6 18.Qb4 Rd8 19.Be4 a5 20.Qxb6 Ba6 21.Be3 Re8 22.Bf3 Bxb2
23.Rab1 Qxb6 24.Bxb6 Bc3 25.Be3 Rab8 26.g3 Rec8 27.Rdc1 Rxb1 28.Rxb1 Bb4
29.Rc1  1/2-1/2

[Event "Bucharest Cup GM"]
[Site "Bucharest"]
[Date "1998.??.??"]
[Round "?"]
[White "Marjanovic, Slavoljub"]
[Black "Iordachescu, Viorel"]
[Result "1-0"]
[WhiteElo "2460"]
[BlackElo "2515"]

1.e4 c5 2.Nf3 e6 3.d4 cxd4 4.Nxd4 a6 5.Bd3 g6 6.f4 Bg7 7.Nf3 d6 8.Qe2 Nc6
9.c3 Nf6 10.a4 O-O 11.O-O b6 12.Kh1 Bb7 13.Be3 Ng4 14.Bg1 e5 15.Nfd2 Nf6
16.Nc4 exf4 17.Rxf4 d5 18.Nxb6 dxe4 19.Bxe4 Nxe4 20.Rxe4 Rb8 21.Nd2 Ne5 22.Rd1 Qc7
23.a5 Rfe8 24.Re3 Bh6 25.Ne4 Qe7 26.Rh3 Qe6 27.Rxh6 Rbd8 28.Rxd8 Rxd8 29.Nc5 Qg4
30.Qxg4 Nxg4 31.Rh4  1-0